000 00741nam a2200265Ia 4500
001 11051
003 GE_BSU
008 181216s||||||||xx |||||||||||||| ||und||
020 _a9780415494786(hbk)
040 _cGE_BSU
080 _a37
100 _aJarvis,Peter.
245 _aADULT EDUCATION AND LIFELONG LEARNING.
245 _bTheory and Practice.
250 _a4th edition.
260 _aLondon;New York.
260 _bRoutledge.
260 _c2010.
300 _a338p;24cm.
520 _aშემოსულია ტემპუსის პროექტით.
541 _h114Gel.
653 _aADULT EDUCATION AND LIFELONG LEARNING.
653 _aტემპუსის პროექტით
942 _cBK
999 _c44293
_d44293